Statistics for Island Geography by Letter – V

Click here to take the quiz!

General Stats

  • This quiz has been taken 62 times
  • The average score is 8 of 12

Answer Stats

HintAnswer% Correct
Maltese capitalValletta
97%
Major island on Canada's Pacific coastVancouver Island
97%
Country in OceaniaVanuatu
97%
Island to the north of the GrenadinesSaint {Vincent}
91%
Krakatoa or Kīlauea, for exampleVolcano
91%
Caribbean island group split between the U.S. and U.K.Virgin Islands
86%
City located on over 100 islands in a lagoonVenice
78%
Capital of the abovePort {Vila}
72%
Provincial capital located on the aboveVictoria
66%
Largest islands in FijiViti Levu
26%
Vanua Levu
16%
Island group of northern TongaVava'u
5%

Score Distribution

Percentile by Number Answered

Percent of People with Each Score

Your Score History

You have not taken this quiz